[Event "9th EUROPEAN  INDIVIDUAL  WOME"]
[Site "Plovdiv, Bulgaria"]
[Date "2008.04.21"]
[Round "1"]
[Board "1"]
[White "Umudova, Nargiz"]
[Black "Moser, Eva"]
[Result "1/2-1/2"]
[WhiteElo "2222"]
[BlackElo "2395"]
[PlyCount "58"]
[EventDate "2008.04.21"]
[EventRounds "11"]
[EventCountry "BUL"]

1.Nf3 Nf6 2.g3 d5 3.Bg2 c6 4.O-O Bg4 5.b3 Nbd7 6.Bb2 e6 7.d3 Bc5 8.Nbd2 O-O 9.e4
a5 10.a4 Bb4 11.e5 Ne8 12.h3 Bh5 13.Qe1 Kh8 14.Nd4 Qb6 15.Ne2 f6 16.Nf4 Bf7
17.d4 Nc7 18.Kh2 Rae8 19.Qe2 Qa6 20.Qd1 Be7 21.h4 c5 22.Nf3 Qb6 23.h5 Na6 24.Qe2
Nb4 25.Rad1 Nc6 26.dxc5 Qxc5 27.h6 fxe5 28.hxg7+ Kxg7 29.Nd3 Qd6

[Event "9th EUROPEAN  INDIVIDUAL  WOME"]
[Site "Plovdiv, Bulgaria"]
[Date "2008.04.21"]
[Round "1"]
[Board "1"]
[White "Vasilevich, Irina"]
[Black "Mijovic, Aleksandra"]
[Result "1-0"]
[WhiteElo "2395"]
[BlackElo "2222"]
[PlyCount "43"]
[EventDate "2008.04.21"]
[EventRounds "11"]
[EventCountry "BUL"]

1.e4 c5 2.Nf3 e6 3.d4 cxd4 4.Nxd4 Nf6 5.Nc3 d6 6.g4 Nc6 7.g5 Nd7 8.Be3 a6 9.h4
Qc7 10.Qe2 b5 11.Nxc6 Qxc6 12.Bd4 Bb7 13.O-O-O b4 14.Nd5 a5 15.f4 O-O-O 16.Bxg7
Rg8 17.Bxf8 exd5 18.exd5 Qc7 19.Be7 Rde8 20.Rh3 Nb6 21.Re3 Nxd5 22.Bh3+ {Diagram
#}

[Event "9th EUROPEAN  INDIVIDUAL  WOME"]
[Site "Plovdiv, Bulgaria"]
[Date "2008.04.21"]
[Round "1"]
[Board "1"]
[White "Nikolova, Adriana"]
[Black "Houska, Jovanka"]
[Result "0-1"]
[WhiteElo "2219"]
[BlackElo "2390"]
[PlyCount "106"]
[EventDate "2008.04.21"]
[EventRounds "11"]
[EventCountry "BUL"]

1.e4 c6 2.d4 d5 3.Nc3 dxe4 4.Nxe4 Bf5 5.Ng3 Bg6 6.f4 e6 7.Nf3 Bd6 8.Be2 Nf6
9.O-O Nbd7 10.Ne5 O-O 11.h4 c5 12.c3 cxd4 13.cxd4 Rc8 14.Be3 Nd5 15.Rf3 Nxe3
16.Rxe3 Nxe5 17.fxe5 Be7 18.Ne4 Bxh4 19.Bf3 Be7 20.Rc3 Qa5 21.a3 Bxe4 22.Rxc8
Rxc8 23.Bxe4 Qb6 24.Qd3 g6 25.b4 Rd8 26.Rd1 a5 27.bxa5 Qxa5 28.d5 Qxa3 29.d6
Qc5+ 30.Qd4 Qxd4+ 31.Rxd4 Bg5 32.Kf2 Bf4 33.d7 Bxe5 34.Rd1 b5 35.Bc6 b4 36.Ba4
h5 37.Rc1 Kf8 38.Rc8 Ke7 39.Kf3 b3 40.Rxd8 Kxd8 41.Bxb3 Kxd7 42.Ba4+ Ke7 43.Bc2
f5 44.Bb1 Kf6 45.Ba2 Bd4 46.Bc4 e5 47.Bd5 e4+ 48.Kf4 h4 49.Bxe4 fxe4 50.Kxe4 Be5
51.Kf3 Kf5 52.Kf2 Bd4+ 53.Kf1 g5

[Event "9th EUROPEAN  INDIVIDUAL  WOME"]
[Site "Plovdiv, Bulgaria"]
[Date "2008.04.21"]
[Round "1"]
[Board "1"]
[White "Kachiani Gersinska, Ketino"]
[Black "Vojinovic, Jovana"]
[Result "0-1"]
[WhiteElo "2388"]
[BlackElo "2217"]
[PlyCount "82"]
[EventDate "2008.04.21"]
[EventRounds "11"]
[EventCountry "BUL"]

1.d4 d5 2.Nf3 Nc6 3.e3 Bg4 4.Bb5 e6 5.Bxc6+ bxc6 6.c4 Bb4+ 7.Bd2 Rb8 8.Qa4 Bxf3
9.Bxb4 Bxg2 10.Rg1 Be4 11.Nc3 Nf6 12.Ba3 Bd3 13.Qxc6+ Qd7 14.cxd5 Nxd5 15.Qc5 c6
16.Rxg7 Bg6 17.e4 Nxc3 18.Qxc3 Rc8 19.f3 Qc7 20.Qc5 Qd8 21.Qe5 Kd7 22.O-O-O Rc7
23.Bb4 Rb7 24.Bc3 Re8 25.Qf4 Qb8 26.Qd2 Kc8 27.h4 h5 28.Qg5 Rb5 29.Qf6 Qc7
30.Rg1 Qd8 31.Qf4 Rb7 32.a3 Qc7 33.Qd2 Qd8 34.Rg5 Rd7 35.Rc5 Kb7 36.Ba5 Qf6
37.Qb4+ Ka8 38.Qa4 Rd6 39.Rxc6 Qxd4 {Diagram #} 40.Rxd6 Qxa4 41.Bc3 Qc4

[Event "9th EUROPEAN  INDIVIDUAL  WOME"]
[Site "Plovdiv, Bulgaria"]
[Date "2008.04.21"]
[Round "1"]
[Board "1"]
[White "Jelica, Mara"]
[Black "Muzychuk, Mariya"]
[Result "1/2-1/2"]
[WhiteElo "2206"]
[BlackElo "2387"]
[PlyCount "133"]
[EventDate "2008.04.21"]
[EventRounds "11"]
[EventCountry "BUL"]

1.e4 d5 2.exd5 Nf6 3.d4 Nxd5 4.Nf3 g6 5.Be2 Bg7 6.O-O O-O 7.Re1 c5 8.c4 Nb4 9.a3
N4c6 10.d5 Nd4 11.Nxd4 cxd4 12.Bf3 e5 13.dxe6 fxe6 14.Nd2 Nd7 15.b3 Nc5 16.Ne4
Nxe4 17.Bxe4 e5 18.Ra2 Qc7 19.Bg5 Be6 20.Qd2 a5 21.a4 Rf7 22.Bh4 Qc5 23.Bg3 Ra6
24.Raa1 Bf6 25.Rab1 Kg7 26.Qe2 Re7 27.h4 Bf7 28.Rbd1 Re8 29.Rd3 Qe7 30.Qf3 Rb6
31.Qg4 h5 32.Qh3 Qb4 33.f3 Qa3 34.Qd7 Re7 35.Qd8 Rxb3 36.Rxb3 Qxb3 37.Qxa5 Qxc4
38.Rb1 d3 39.Rd1 Qb3 40.Qd2 Qxa4 41.Bxd3 Bxh4 42.Bxh4 Qxh4 43.Be4 b5 44.Qb4 Be8
45.Qc5 Qf6 46.Rd6 Re6 47.Rxe6 Qxe6 48.Bd3 Qd7 49.Qxe5+ Kg8 50.Be4 Bf7 51.Qb8+
Qe8 52.Qb6 Kg7 53.Qd4+ Kh7 54.Qc5 Kg8 55.Qb6 h4 56.Kh1 Qe5 57.Qd8+ Kg7 58.Qxh4
Qd4 59.Kh2 b4 60.Qe7 b3 61.Qb7 b2 62.Kg3 Qc3 63.Kf4 Qf6+ 64.Ke3 Kh6 65.Qb4 Ba2
66.g4 Qe5 67.Qd4

[Event "9th EUROPEAN  INDIVIDUAL  WOME"]
[Site "Plovdiv, Bulgaria"]
[Date "2008.04.21"]
[Round "1"]
[Board "1"]
[White "Repkova, Eva"]
[Black "Yildiz, Betul Cemre"]
[Result "1/2-1/2"]
[WhiteElo "2381"]
[BlackElo "2205"]
[PlyCount "84"]
[EventDate "2008.04.21"]
[EventRounds "11"]
[EventCountry "BUL"]

1.e4 e5 2.Bc4 Nf6 3.d3 c6 4.Nf3 d5 5.Bb3 a5 6.a4 Bd6 7.exd5 Nxd5 8.O-O O-O 9.Re1
Re8 10.Ng5 h6 11.Nxf7 Kxf7 12.c4 Bb4 13.cxd5 Bxe1 14.Qxe1 cxd5 15.Nc3 Nc6
16.Bxd5+ Be6 17.Be4 Nd4 18.Qd1 Qd7 19.Be3 Rac8 20.Rc1 Kg8 21.h3 Nb3 [21...Bb3]
22.Rb1 Nc5 23.Bxc5 Rxc5 24.Qh5 Rf8 25.Qg6 Rf6 26.Qg3 Bf5 27.Qe3 b6 28.Re1 Rf8
29.Rd1 Be6 30.d4 exd4 31.Rxd4 Qc7 32.Bc2 Re5 33.Re4 Rxe4 34.Qxe4 Rf6 35.Nd5 Bxd5
36.Qxd5+ Kf8 37.Bb3 Qc1+ 38.Kh2 Qc7+ 39.Kg1 Ke7 40.Qe4+ Kd7 41.Bc4 Qc5 42.Qe2
Kc7

[Event "9th EUROPEAN  INDIVIDUAL  WOME"]
[Site "Plovdiv, Bulgaria"]
[Date "2008.04.21"]
[Round "1"]
[Board "1"]
[White "Makka, Ioulia"]
[Black "Ciuksyte, Dagne"]
[Result "0-1"]
[WhiteElo "2204"]
[BlackElo "2380"]
[PlyCount "68"]
[EventDate "2008.04.21"]
[EventRounds "11"]
[EventCountry "BUL"]

1.e4 g6 2.d4 Bg7 3.Nc3 d6 4.Be3 a6 5.f4 b5 6.Nf3 Bb7 7.Bd3 Nd7 8.e5 e6 9.a4 b4
10.Ne4 Nb6 11.a5 Nd5 12.Bd2 Nge7 13.O-O Nf5 14.Qe1 O-O 15.g4 Nfe7 16.g5 Nf5
17.Nf6+ Bxf6 18.gxf6 c5 19.dxc5 dxc5 20.Ng5 c4 21.Be4 c3 22.bxc3 bxc3 23.Bc1 h6
24.Nf3 Rc8 25.Nh4 Kh7 26.Rf3 Rc4 27.Bd3 Nxf6 28.Nxf5 gxf5 29.Rg3 Nh5 30.Bxc4
Qd4+ 31.Be3 Qxc4 32.Qf1 Qe4 33.Kf2 Nxg3 34.hxg3 Qf3+

[Event "9th EUROPEAN  INDIVIDUAL  WOME"]
[Site "Plovdiv, Bulgaria"]
[Date "2008.04.21"]
[Round "1"]
[Board "1"]
[White "Turova, Irina"]
[Black "Skinke, Katrina"]
[Result "1/2-1/2"]
[WhiteElo "2380"]
[BlackElo "2204"]
[PlyCount "71"]
[EventDate "2008.04.21"]
[EventRounds "11"]
[EventCountry "BUL"]

1.d4 Nf6 2.c4 g6 3.Nc3 Bg7 4.e4 d6 5.f4 O-O 6.Nf3 c5 7.d5 Bg4 8.Bd3 e6 9.dxe6
fxe6 10.O-O Nc6 11.h3 Bxf3 12.Qxf3 Nd4 13.Rf2 Nh5 14.Qg4 a6 15.Be3 Nf6 16.Qh4
Nd7 17.Qg4 Nf6 18.Qd1 Nd7 19.Ne2 Nc6 20.Qd2 Qe7 21.Rd1 Rad8 22.a3 Qf6 23.Nc3 Qe7
24.Bb1 Nd4 25.Ne2 Nxe2+ 26.Rxe2 Nb8 27.f5 Nc6 28.fxg6 hxg6 29.Kh1 Nd4 30.Rf2
Rxf2 31.Qxf2 Be5 32.Rf1 Rf8 33.Qxf8+ Qxf8 34.Rxf8+ Kxf8 35.b4 b6 36.Bd3

[Event "9th EUROPEAN  INDIVIDUAL  WOME"]
[Site "Plovdiv, Bulgaria"]
[Date "2008.04.21"]
[Round "1"]
[Board "1"]
[White "Papadopoulou, Vera"]
[Black "Stepovaia, Tatiana"]
[Result "0-1"]
[WhiteElo "2199"]
[BlackElo "2378"]
[PlyCount "115"]
[EventDate "2008.04.21"]
[EventRounds "11"]
[EventCountry "BUL"]

1.d4 d5 2.Nf3 c6 3.c4 e6 4.cxd5 exd5 5.Nc3 Nf6 6.Bg5 Bf5 7.e3 Nbd7 8.Bd3 Bxd3
9.Qxd3 Bd6 10.O-O O-O 11.Rac1 Qe7 12.Rfe1 h6 13.Bh4 Qe6 14.Bg3 Bxg3 15.hxg3 Ne4
16.Na4 b6 17.b4 Rac8 18.Qa6 Rc7 19.Nb2 Re8 20.Nd3 g5 21.Rc2 f6 22.Nd2 Qd6
23.Nxe4 dxe4 24.Qc4+ Kg7 25.Nb2 b5 26.Qb3 Nb6 27.Rc5 Nd5 28.Rec1 f5 29.Nd1 Ne7
30.Nc3 Rd7 31.a3 a6 32.Qb2 Qf6 33.Qb3 Red8 34.Ne2 Rd6 35.Qc2 h5 36.Nc3 Rh8
37.Qe2 g4 38.Kf1 h4 39.gxh4 Qxh4 40.Ke1 Qh1+ 41.Kd2 Qxg2 42.Re5 Kf7 43.Qf1 Qf3
44.Qg1 Ng6 45.Rc5 {Diagram #} Rxd4+ 46.Kc2 Rd6 47.Re1 Ne7 48.Ne2 Qh3 49.Nd4 Rxd4
50.exd4 Qd3+ 51.Kb2 Qxd4+ 52.Ka2 Qd2+ 53.Kb1 Nd5 54.Rec1 Rh3 55.Qd1 Qxd1 56.Rxd1
Nc3+ 57.Kc2 Nxd1 58.Kxd1 {...}

[Event "9th EUROPEAN  INDIVIDUAL  WOME"]
[Site "Plovdiv, Bulgaria"]
[Date "2008.04.21"]
[Round "1"]
[Board "1"]
[White "Foisor, Sabina Francesca"]
[Black "Sarakauskiene, Zivile"]
[Result "1/2-1/2"]
[WhiteElo "2375"]
[BlackElo "2198"]
[PlyCount "66"]
[EventDate "2008.04.21"]
[EventRounds "11"]
[EventCountry "BUL"]

1.d4 d5 2.c4 dxc4 3.Nf3 Nf6 4.e3 e6 5.Bxc4 c5 6.O-O a6 7.Bb3 Nc6 8.Qe2 cxd4
9.Rd1 Be7 10.exd4 O-O 11.Nc3 Bd7 12.a3 Rc8 13.Ba2 Be8 14.d5 exd5 15.Nxd5 Nxd5
16.Rxd5 Qc7 17.Bg5 h6 18.Bxe7 Nxe7 19.Rd2 Bb5 20.Qe5 Ng6 21.Qxc7 Rxc7 22.Rad1
Ba4 23.Re1 Rfc8 24.g3 Rc2 25.Ree2 Rc1+ 26.Kg2 Bb5 27.Re1 Rxe1 28.Nxe1 Ne5 29.Nf3
Nc4 30.Bxc4 Bxc4 31.Ne5 Rc7 32.b4 f6 33.Ng4 Kf7

[Event "9th EUROPEAN  INDIVIDUAL  WOME"]
[Site "Plovdiv, Bulgaria"]
[Date "2008.04.21"]
[Round "1"]
[Board "1"]
[White "Tsiganova, Monika"]
[Black "Cosma, Elena Luminita"]
[Result "1-0"]
[WhiteElo "2198"]
[BlackElo "2374"]
[PlyCount "114"]
[EventDate "2008.04.21"]
[EventRounds "11"]
[EventCountry "BUL"]

1.d4 d5 2.c4 c6 3.Nf3 e6 4.Qc2 Nf6 5.e3 Nbd7 6.Nc3 Bd6 7.Bd3 O-O 8.O-O dxc4
9.Bxc4 a6 10.Rd1 b5 11.Be2 Qc7 12.Bd2 c5 13.dxc5 Qxc5 14.Rac1 Bb7 15.Qb1 Qb6
16.b4 Ne5 17.Nd4 Nc6 18.Nxc6 Bxc6 19.e4 Qb7 20.f3 Qb6+ 21.Kh1 Be5 22.Bd3 Rfd8
23.Ne2 Rac8 24.Rc5 Nd7 25.f4 Bb8 26.Rc3 Qb7 27.Nd4 Ba7 28.Nxc6 Rxc6 29.e5 Rxc3
30.Bxh7+ Kh8 31.Bxc3 Rc8 32.Be4 Qc7 33.Bb2 g6 34.Qd3 Nf8 35.h3 Qb6 36.Bd4 Qb8
37.Be3 Bb6 38.Bxb6 Qxb6 39.Qd4 Qb8 40.a3 Rc4 41.Qe3 Qc7 42.Rd6 a5 43.Bd3 Rc1+
44.Kh2 axb4 45.axb4 Qc3 46.Qd4 Qe1 47.Bxb5 Rb1 48.Rd8 Kg7 49.Bc4 Qh1+ 50.Kg3
Qe1+ 51.Kg4 Rxb4 52.Qc5 Nh7 53.Rd7 Rb2 54.g3 Rg2 55.Qa3 Qe4 56.Bxe6 Kh6 57.Rxf7
Re2

[Event "9th EUROPEAN  INDIVIDUAL  WOME"]
[Site "Plovdiv, Bulgaria"]
[Date "2008.04.21"]
[Round "1"]
[Board "1"]
[White "Kovanova, Baira"]
[Black "Bogumil, Tatiana"]
[Result "1-0"]
[WhiteElo "2372"]
[BlackElo "2194"]
[PlyCount "103"]
[EventDate "2008.04.21"]
[EventRounds "11"]
[EventCountry "BUL"]

1.e4 d6 2.d4 g6 3.Nc3 Bg7 4.Be3 Nf6 5.Qd2 Ng4 6.Bg5 h6 7.Bh4 O-O 8.h3 Nf6
9.O-O-O c6 10.f4 b5 11.e5 b4 12.exf6 bxc3 13.Qxc3 exf6 14.g4 d5 15.Bd3 Ba6 16.f5
Bxd3 17.Qxd3 g5 18.Be1 Re8 19.Bd2 Qb6 20.h4 Nd7 21.Nf3 Rab8 22.Bc3 Qb5 23.Qxb5
cxb5 24.Rde1 Bf8 25.a3 Nb6 26.Bb4 Nc4 27.Bxf8 Rxe1+ 28.Rxe1 Kxf8 29.Nd2 Nd6
30.h5 Rc8 31.c3 Rc7 32.Kc2 Nc4 33.Nxc4 bxc4 34.b3 cxb3+ 35.Kxb3 Rb7+ 36.Kc2 Rc7
37.Rb1 Ke7 38.Rb8 Kd6 39.Rd8+ Kc6 40.Rh8 Re7 41.Rxh6 Re2+ 42.Kb3 Kd7 43.Rxf6 Ke7
44.Ra6 Rg2 45.Rxa7+ Kf6 46.Ra6+ Ke7 47.f6+ Kd7 48.Kb4 Rxg4 49.Kc5 Rg3 50.Kxd5
Rxc3 51.Ra7+ Ke8 52.h6

[Event "9th EUROPEAN  INDIVIDUAL  WOME"]
[Site "Plovdiv, Bulgaria"]
[Date "2008.04.21"]
[Round "1"]
[Board "1"]
[White "Stiri, Alexandra"]
[Black "Khukhashvili, Sopiko"]
[Result "0-1"]
[WhiteElo "2193"]
[BlackElo "2371"]
[PlyCount "112"]
[EventDate "2008.04.21"]
[EventRounds "11"]
[EventCountry "BUL"]

1.e4 c5 2.Nf3 d6 3.d4 cxd4 4.Nxd4 Nf6 5.Nc3 Nc6 6.Bc4 e6 7.Be3 a6 8.Qe2 Qc7
9.Bb3 Na5 10.g4 b5 11.g5 b4 12.Nd5 Nxd5 13.Ba4+ Bd7 14.Bxd7+ Qxd7 15.exd5 e5
16.Bd2 Be7 17.Bxb4 exd4 18.Bxa5 O-O 19.O-O-O Bxg5+ 20.Kb1 Qb7 21.Qf3 Rfb8 22.b3
Bf6 23.Rhg1 Kh8 24.Bd2 a5 25.a4 Rc8 26.Bc1 Rc3 27.Rd3 Rxd3 28.Qxd3 Re8 29.Bb2
Qxd5 30.Rd1 Re4 31.Ka2 g6 32.Qf3 Qe6 33.Qd3 Kg7 34.Rd2 g5 35.Qb5 Qe5 36.f3 Rf4
37.Re2 Qf5 38.Qxf5 Rxf5 39.Rd2 Rxf3 40.Bxd4 Bxd4 41.Rxd4 Rf2 42.Kb2 Rxh2 43.Rd5
Rg2 44.Rxa5 h5 45.Rd5 h4 46.a5 h3 47.a6 h2 48.a7 h1=Q 49.a8=Q Qh6 50.Rf5 Rg3
51.Qd5 Qg6 52.b4 Kg8 53.b5 Qg7+ 54.Kc1 Qa1+ 55.Kd2 Qc3+ 56.Ke2 Qe3+

[Event "9th EUROPEAN  INDIVIDUAL  WOME"]
[Site "Plovdiv, Bulgaria"]
[Date "2008.04.21"]
[Round "1"]
[Board "1"]
[White "Foisor, Cristina Adela"]
[Black "Isgandarova, Khayala"]
[Result "0-1"]
[WhiteElo "2364"]
[BlackElo "2193"]
[PlyCount "62"]
[EventDate "2008.04.21"]
[EventRounds "11"]
[EventCountry "BUL"]

1.d4 Nf6 2.c4 g6 3.Nc3 Bg7 4.Nf3 O-O 5.g3 d6 6.Bg2 Nbd7 7.O-O e5 8.h3 Re8 9.e4
exd4 10.Nxd4 Nc5 11.Re1 c6 12.Bf4 Nh5 13.Be3 a5 14.Qc2 a4 15.Rad1 Qa5 16.Nde2
Qb4 17.g4 Nf6 18.Ng3 a3 19.b3 Nfd7 20.Nce2 Ne5 21.Rf1 f6 22.Nc3 Ned3 23.Nge2 f5
24.Bxc5 Nxc5 25.Rxd6 fxg4 26.hxg4 Bxg4 27.f3 Be6 28.f4 Bg4 29.e5 g5 30.Bf3 Bxf3
31.Rxf3 gxf4 {...}

[Event "9th EUROPEAN  INDIVIDUAL  WOME"]
[Site "Plovdiv, Bulgaria"]
[Date "2008.04.21"]
[Round "1"]
[Board "1"]
[White "Gavasheli, Ana"]
[Black "Zimina, Olga"]
[Result "1/2-1/2"]
[WhiteElo "2191"]
[BlackElo "2363"]
[PlyCount "97"]
[EventDate "2008.04.21"]
[EventRounds "11"]
[EventCountry "BUL"]

1.Nf3 c5 2.c4 Nc6 3.g3 e5 4.d3 g6 5.Bg2 Bg7 6.Nc3 d6 7.O-O Nge7 8.Bd2 O-O 9.Rb1
h6 10.Ne1 Be6 11.Nd5 a5 12.a3 Rb8 13.b4 axb4 14.axb4 cxb4 15.Bxb4 b5 16.Nxe7+
Nxe7 17.Nc2 Qd7 18.Na3 bxc4 19.dxc4 Rfd8 20.Qd2 Nc6 21.Rfd1 Bf5 22.e4 Bg4 23.Re1
Nd4 24.Nc2 Rdc8 25.Nxd4 exd4 26.Rbc1 Be6 27.Bf1 Rc7 28.Bd3 Rcb7 29.Rb1 h5 30.Rb2
Qc6 31.Rc1 h4 32.Ba3 Rxb2 33.Bxb2 Rb3 34.Ba1 Qc5 35.Bf1 hxg3 36.hxg3 Bg4 37.Qa2
Ra3 38.Qb2 Rf3 39.Qb5 Ra3 40.Rb1 Ra8 41.Qb7 Ra2 42.Qb3 Ra3 43.Qb5 Be6 44.Qe8+
Kh7 45.Rb5 Qa7 46.Bb2 Rc3 47.Qd8 Rc2 48.Qh4+ Kg8 49.Qd8+

[Event "9th EUROPEAN  INDIVIDUAL  WOME"]
[Site "Plovdiv, Bulgaria"]
[Date "2008.04.21"]
[Round "1"]
[Board "1"]
[White "Vasilevich, Tatjana"]
[Black "Lematschko, Tatjana"]
[Result "1-0"]
[WhiteElo "2360"]
[BlackElo "2189"]
[PlyCount "147"]
[EventDate "2008.04.21"]
[EventRounds "11"]
[EventCountry "BUL"]

1.d4 f5 2.g3 e6 3.Bg2 Nf6 4.Nh3 d5 5.O-O Be7 6.b3 O-O 7.Bb2 c6 8.Nd2 Qe8 9.c4
Nbd7 10.Nf4 Bd6 11.Nf3 Ng4 12.Qc1 Nh6 13.Ba3 Qe7 14.Bxd6 Qxd6 15.Nd3 Nf7 16.b4
Qe7 17.a4 Nb6 18.c5 Nc4 19.Nb2 Nxb2 20.Qxb2 Bd7 21.Rfb1 a6 22.e3 Rae8 23.Ne5
Nxe5 24.dxe5 g5 25.Qd4 Rc8 26.Bf1 Rc7 27.Be2 Be8 28.Rc1 Qf7 29.Rc3 Qg7 30.f4 h6
31.Rb1 Qe7 32.Kg2 g4 33.Rh1 Kh7 34.h3 gxh3+ 35.Rxh3 Kg7 36.Rc1 Rh8 37.Rch1 Qf8
38.Kf2 Kf7 39.Bf3 Ke7 40.e4 Bg6 41.exd5 cxd5 42.Rc1 Qe8 43.Ra1 Kf8 44.Be2 Qc8
45.Rhh1 Kg7 46.Rhc1 Qe8 47.b5 Bh5 48.Bd3 axb5 49.axb5 Kh7 50.c6 Qg6 51.Bf1 Rg7
52.Rc3 bxc6 53.bxc6 Rc8 54.Ra7 Rcc7 55.Rxc7 Rxc7 56.Qb6 Qg7 57.Rb3 Rf7 58.Qa6
Qf8 59.Qa5 Qc8 60.Qb6 Kg6 61.Ba6 Qc7 62.Qxc7 Rxc7 63.Rb6 Ra7 64.Ke3 d4+ 65.Kxd4
Bf3 66.Kc5 Kh5 67.Bb7 Bxc6 68.Bxc6 Ra3 69.Kd6 Rxg3 70.Kxe6 Kg4 71.Rb4 Rc3 72.Bb7
h5 73.Kf6 h4 74.e6

[Event "9th EUROPEAN  INDIVIDUAL  WOME"]
[Site "Plovdiv, Bulgaria"]
[Date "2008.04.21"]
[Round "1"]
[Board "1"]
[White "Mammadova, Gulnar"]
[Black "Molchanova, Tatjana"]
[Result "1/2-1/2"]
[WhiteElo "2188"]
[BlackElo "2359"]
[PlyCount "67"]
[EventDate "2008.04.21"]
[EventRounds "11"]
[EventCountry "BUL"]

1.e4 c6 2.Nc3 d5 3.Nf3 Bg4 4.h3 Bxf3 5.Qxf3 e6 6.d3 Bb4 7.a3 Qa5 8.Bd2 d4 9.Nb1
Bxd2+ 10.Nxd2 Nf6 11.g4 h5 12.gxh5 Nbd7 13.O-O-O Ne5 14.Qg2 Nxh5 15.f4 Ng6
16.Nc4 Qc7 17.f5 Ngf4 18.Qd2 exf5 19.exf5 O-O-O 20.Rg1 Rd5 21.f6 g5 22.Bg2 Nxg2
23.Qxg2 Nf4 24.Qg4+ Qd7 25.Qxd7+ Kxd7 26.Rde1 Re8 27.Rxe8 Kxe8 28.Re1+ Kf8
29.Ne5 Kg8 30.Ng4 Ne6 31.Nh6+ Kf8 32.Kd2 b6 33.Re4 a6 34.Re1

[Event "9th EUROPEAN  INDIVIDUAL  WOME"]
[Site "Plovdiv, Bulgaria"]
[Date "2008.04.21"]
[Round "1"]
[Board "1"]
[White "Sedina, Elena"]
[Black "Marin, Irina Luiza"]
[Result "1-0"]
[WhiteElo "2356"]
[BlackElo "2182"]
[PlyCount "53"]
[EventDate "2008.04.21"]
[EventRounds "11"]
[EventCountry "BUL"]

1.e4 d6 2.d4 Nf6 3.Nc3 g6 4.f4 Bg7 5.Nf3 O-O 6.a3 Na6 7.e5 Nd7 8.Be3 c5 9.Bxa6
cxd4 10.Bxd4 dxe5 11.fxe5 bxa6 12.Qe2 Bb7 13.O-O-O Qa5 14.e6 Bxf3 15.gxf3 Bxd4
16.Rxd4 Nc5 17.exf7+ Rxf7 18.h4 Rc8 19.Rhd1 e6 20.h5 g5 21.h6 Rf6 22.Qe3 Rxh6
23.Qxg5+ Rg6 24.Qe7 Rf8 25.Rd8 Nd3+ 26.R1xd3 Rg1+ 27.Rd1

[Event "9th EUROPEAN  INDIVIDUAL  WOME"]
[Site "Plovdiv, Bulgaria"]
[Date "2008.04.21"]
[Round "1"]
[Board "1"]
[White "Cherednichenko, Elena"]
[Black "Paikidze, Nazi"]
[Result "1-0"]
[WhiteElo "2155"]
[BlackElo "2347"]
[PlyCount "125"]
[EventDate "2008.04.21"]
[EventRounds "11"]
[EventCountry "BUL"]

1.d4 Nf6 2.Nf3 e6 3.e3 b6 4.Bd3 Bb7 5.O-O c5 6.c4 Be7 7.Nc3 cxd4 8.exd4 d6 9.b3
O-O 10.d5 e5 11.Bb2 Nbd7 12.b4 a6 13.Re1 g6 14.Be2 Nh5 15.g3 Ng7 16.Nd2 f5 17.f3
Rc8 18.Nb3 Bf6 19.Kg2 Rc7 20.Rc1 Qa8 21.a4 Rfc8 22.Qd2 e4 23.f4 Kh8 24.Nd4 Rxc4
25.Bxc4 Rxc4 26.Nde2 Rxb4 27.Ba3 e3 28.Qxe3 Rb3 29.Bxd6 Bxd5+ 30.Kf2 h6 31.Qd2
Bg2 32.Qe3 b5 33.axb5 Bh3 34.Qf3 Qa7+ 35.Qe3 Qb7 36.Rg1 axb5 37.Rb1 Rxb1 38.Nxb1
Qd5 39.Be5 Nc5 40.Nec3 Nd3+ 41.Ke2 Bg4+ 42.Kd2 Nxe5+ 43.Nxd5 Nc4+ 44.Kd3 Nxe3
45.Nxf6 Nc4 46.Nxg4 fxg4 47.Nc3 Nd6 48.Rb1 h5 49.Nxb5 Ndf5 50.Nd4 Kh7 51.Nxf5
Nxf5 52.Ke4 Kh6 53.Rb8 Kg7 54.Ke5 h4 55.Rb7+ Kh6 56.gxh4 Nxh4 57.Kf6 Nf3 58.Rb2
Nh4 59.Rb8 Kh7 60.Rb7+ Kh6 61.Rg7 Nf3 62.Rxg6+ Kh5 63.Rg8

[Event "9th EUROPEAN  INDIVIDUAL  WOME"]
[Site "Plovdiv, Bulgaria"]
[Date "2008.04.21"]
[Round "1"]
[Board "1"]
[White "Butuc, Maria"]
[Black "Jackova, Jana"]
[Result "1-0"]
[WhiteElo "2137"]
[BlackElo "2345"]
[PlyCount "89"]
[EventDate "2008.04.21"]
[EventRounds "11"]
[EventCountry "BUL"]

1.Nf3 Nf6 2.c4 b6 3.g3 c5 4.Bg2 Bb7 5.O-O e6 6.Nc3 Be7 7.d4 cxd4 8.Qxd4 d6 9.Rd1
a6 10.b3 Nbd7 11.e4 O-O 12.Ba3 Nc5 13.e5 dxe5 14.Qxd8 Rfxd8 15.Nxe5 Bxg2 16.Kxg2
Bf8 17.Bb2 Nfd7 18.Nxd7 Nxd7 19.Rd2 Nf6 20.Rad1 Be7 21.Na4 b5 22.Nb6 Rab8
23.Bxf6 gxf6 24.Rxd8+ Bxd8 25.Nd7 Rc8 26.c5 b4 27.Rc1 f5 28.Rc4 a5 29.Kf3 f6
30.Nb6 Rc6 31.Na4 Be7 32.Ke3 Kf7 33.Kd3 Ke8 34.Rc2 Kd7 35.Kc4 Rc7 36.Kb5 Ra7
37.Nb6+ Kc7 38.Re2 e5 39.Nd5+ Kb8 40.Nxe7 Rxe7 41.Kxa5 Rb7 42.c6 Ra7+ 43.Kxb4
Kc7 44.Kb5 Ra8 45.Rd2

[Event "9th EUROPEAN  INDIVIDUAL  WOME"]
[Site "Plovdiv, Bulgaria"]
[Date "2008.04.21"]
[Round "1"]
[Board "1"]
[White "Nemcova, Katerina"]
[Black "Zhorzholiani, Meri"]
[Result "1-0"]
[WhiteElo "2344"]
[BlackElo "2133"]
[PlyCount "64"]
[EventDate "2008.04.21"]
[EventRounds "11"]
[EventCountry "BUL"]

1.e4 c5 2.Nf3 d6 3.d4 cxd4 4.Nxd4 Nf6 5.Nc3 Nc6 6.Bg5 e6 7.Qd2 Qb6 8.O-O-O Qxd4
9.Qxd4 Nxd4 10.Rxd4 a6 11.Be2 Be7 12.Rhd1 Bd7 13.f4 Bc6 14.Bf3 h6 15.Bh4 g5
16.fxg5 Nd7 17.Bg3 e5 18.Rc4 hxg5 19.Bg4 Nf6 20.Bf5 Nh5 21.b4 Nxg3 22.hxg3 Rh2
23.Rd2 Kd8 24.Kb2 Rb8 25.Rf2 Rh1 26.Bg4 Ke8 27.a4 Bxa4 28.Nxa4 b5 29.Rc8+ Rxc8
30.Bxc8 bxa4 31.Bxa6 a3+ 32.Ka2 Re1

[Event "9th EUROPEAN  INDIVIDUAL  WOME"]
[Site "Plovdiv, Bulgaria"]
[Date "2008.04.21"]
[Round "1"]
[Board "1"]
[White "Danelia, Mariam"]
[Black "Voiska, Margarita"]
[Result "1/2-1/2"]
[WhiteElo "2129"]
[BlackElo "2339"]
[PlyCount "55"]
[EventDate "2008.04.21"]
[EventRounds "11"]
[EventCountry "BUL"]

1.d4 Nf6 2.c4 e6 3.Nc3 Bb4 4.Qc2 O-O 5.a3 Bxc3+ 6.Qxc3 b5 7.cxb5 c6 8.Bg5 cxb5
9.e3 Bb7 10.Nf3 a6 11.Bd3 Nc6 12.b4 Rc8 13.Qd2 d6 14.O-O h6 15.Bh4 g5 16.Bg3 Ne7
17.Rfc1 Qd7 18.Rxc8 Rxc8 19.Rc1 Ne4 20.Qb2 Nf5 21.Nd2 Rxc1+ 22.Qxc1 Nxd2 23.Qxd2
Qc6 24.f3 Nxg3 25.hxg3 Qc7 26.Qc2 Qxc2 27.Bxc2 Bd5 28.g4

[Event "9th EUROPEAN  INDIVIDUAL  WOME"]
[Site "Plovdiv, Bulgaria"]
[Date "2008.04.21"]
[Round "1"]
[Board "1"]
[White "Ni, Viktorija"]
[Black "Demina, Julia"]
[Result "0-1"]
[WhiteElo "2120"]
[BlackElo "2337"]
[PlyCount "94"]
[EventDate "2008.04.21"]
[EventRounds "11"]
[EventCountry "BUL"]

1.d4 Nf6 2.c4 e6 3.Nc3 Bb4 4.e3 c5 5.Bd3 O-O 6.Nge2 cxd4 7.exd4 d5 8.O-O Nc6
9.Bf4 dxc4 10.Bxc4 Bd6 11.Qd2 a6 12.Rad1 b5 13.Bd3 Nb4 14.Ne4 Bxf4 15.Nxf6+ Qxf6
16.Qxb4 Bd7 17.d5 Be5 18.dxe6 Bxe6 19.b3 Rad8 20.Bb1 g6 21.Ng3 Rxd1 22.Rxd1 Rd8
23.Qe1 Rxd1 24.Qxd1 Qf4 25.Be4 h5 26.Bf3 h4 27.Nf1 Kg7 28.g3 Qg5 29.Bg2 h3
30.Bb7 a5 31.Qd2 Qe7 32.Bf3 Qc5 33.Ne3 f5 34.Nd5 b4 35.Qe1 Qd4 36.Ne7 Qc3 37.Qd1
g5 38.Nc6 g4 39.Nxe5 Qxe5 40.Be2 a4 41.Qc2 axb3 42.axb3 Bxb3 43.Qd2 Bd5 44.Bd3
b3 45.Qg5+ Kf7 46.Qxf5+ Qxf5 47.Bxf5 Kf6

[Event "9th EUROPEAN  INDIVIDUAL  WOME"]
[Site "Plovdiv, Bulgaria"]
[Date "2008.04.21"]
[Round "1"]
[Board "1"]
[White "Dworakowska, Joanna"]
[Black "Hairapetian, Anna"]
[Result "1/2-1/2"]
[WhiteElo "2335"]
[BlackElo "2115"]
[PlyCount "41"]
[EventDate "2008.04.21"]
[EventRounds "11"]
[EventCountry "BUL"]

1.e4 c5 2.Nf3 d6 3.d4 cxd4 4.Nxd4 Nf6 5.Nc3 a6 6.Bg5 e6 7.f4 Nbd7 8.Qf3 Qc7
9.O-O-O b5 10.Bd3 Bb7 11.Rhe1 Qb6 12.Nb3 Rc8 13.f5 Ne5 14.Qh3 b4 15.Bxf6 bxc3
16.Bxe5 dxe5 17.fxe6 cxb2+ 18.Kb1 f6 19.Be2 Bd6 20.Qh5+ g6 21.Qh4

[Event "9th EUROPEAN  INDIVIDUAL  WOME"]
[Site "Plovdiv, Bulgaria"]
[Date "2008.04.21"]
[Round "1"]
[Board "1"]
[White "Bulmaga, Irina"]
[Black "Benderac, Ana"]
[Result "1/2-1/2"]
[WhiteElo "2106"]
[BlackElo "2334"]
[PlyCount "72"]
[EventDate "2008.04.21"]
[EventRounds "11"]
[EventCountry "BUL"]

1.e4 e6 2.d4 d5 3.Nd2 dxe4 4.Nxe4 Nd7 5.Nf3 Ngf6 6.Bg5 h6 7.Nxf6+ Nxf6 8.Be3 Bd6
9.Bd3 O-O 10.O-O Nd5 11.c4 Nxe3 12.fxe3 c5 13.Bc2 e5 14.dxe5 Bc7 15.Qxd8 Rxd8
16.Rad1 Be6 17.b3 Rxd1 18.Rxd1 Re8 19.Be4 Bc8 20.h3 Kf8 21.Kf2 f5 22.Bc2 g5
23.a3 a5 24.Rd5 b6 25.b4 Be6 26.bxa5 Bxd5 27.cxd5 bxa5 28.d6 Bb6 29.Bxf5 c4
30.e6 c3 31.e7+ Kf7 32.Ne1 Rb8 33.Bd7 Bc5 34.e8=Q+ Rxe8 35.Bxe8+ Kxe8 36.Nc2 Kd7